000 00494nam a2200181Ia 4500
008 230718s9999 xx 000 0 und d
020 _a9788131808047
041 _aeng
082 _a621.402
_bRAJ
100 _aRajput R.K.
_9137180
245 _aThermal Engineering
250 _a9th ed.
260 _c2014
_bLaxmi Publications
300 _a954
_dRef 142 M (50548)
365 _cRs.
_b825.00
700 _aRajput R.K.
_9137180
906 _dO:0447922-Apr-2015B:168922-Apr-2015
_cMECH
_b3300
999 _c339341
_d339341